000 00414nam a2200157Ia 4500
100 _aWhitehead/Geoffrey
650 _aBusiness Correspondance
942 _cBK
366 _f15
654 _abusiness
245 _aBusiness Correspondance:A Practical guide to effective business communication
260 _bWheeler Publications
_aMumbai
_c2003
082 _a372.6/WHI
_bWHI
300 _a372
546 _aENGLISH
999 _c24098
_d24098